Welcome to CU Library Online Public Access Catalogue (OPAC)

Preaching and teaching from the Old Testament : (Record no. 5416)

MARC details
000 -LEADER
fixed length control field 00618cam a22001934a 4500
001 - CONTROL NUMBER
control field 12931085
005 - DATE AND TIME OF LATEST TRANSACTION
control field 20250411124159.0
008 - FIXED-LENGTH DATA ELEMENTS--GENERAL INFORMATION
fixed length control field 020916s2003 miu b 001 0 eng
020 ## - INTERNATIONAL STANDARD BOOK NUMBER
International Standard Book Number 0801026105 (pbk.)
020 ## - INTERNATIONAL STANDARD BOOK NUMBER
International Standard Book Number 9780801026102
050 00 - LIBRARY OF CONGRESS CALL NUMBER
Classification number BS1191.5
Item number .K35 2003
082 00 - DEWEY DECIMAL CLASSIFICATION NUMBER
Classification number 221/.0071
Edition information 21
100 1# - MAIN ENTRY--PERSONAL NAME
Personal name Kaiser, Walter C.,
Titles and words associated with a name Jr.
Fuller form of name (Walter Christian),
Dates associated with a name 1933-
245 10 - TITLE STATEMENT
Title Preaching and teaching from the Old Testament :
Remainder of title a guide for the church /
Statement of responsibility, etc. Walter C. Kaiser, Jr.
260 ## - PUBLICATION, DISTRIBUTION, ETC.
Place of publication, distribution, etc. Grand Rapids, Mich. :
Name of publisher, distributor, etc. Baker Academic,
Date of publication, distribution, etc. c2003.
300 ## - PHYSICAL DESCRIPTION
Extent 222 p. ;
Dimensions 22 cm.
650 #0 - SUBJECT ADDED ENTRY--TOPICAL TERM
Topical term or geographic name entry element Preaching.
942 ## - ADDED ENTRY ELEMENTS (KOHA)
Source of classification or shelving scheme Library of Congress Classification
Koha item type Books
Suppress in OPAC No
999 ## -
-- 5416
-- 5416
Holdings
Withdrawn status Lost status Source of classification or shelving scheme Damaged status Not for loan Collection Home library Current library Shelving location Date acquired Total checkouts Full call number Barcode Date last seen Copy number Price effective from Koha item type
    Library of Congress Classification     Non-fiction Business Library (Miotso) Business Library (Miotso) General stacks 04/11/2025   BS1191.5 .K35 2003 BSSM00001776 04/11/2025 1 04/11/2025 Books
    Library of Congress Classification     Non-fiction Business Library (Miotso) Business Library (Miotso) General stacks 04/11/2025   BS1191.5 .K35 2003 BSSM00001777 04/11/2025 2 04/11/2025 Books
© 2023-2024 Copyright: Central University Libraries. All Rights Reserved | Created by: Mahone Tech Office